Statistics for Countries living online

Click here to take the quiz!

General Stats

  • This quiz has been taken 17 times
  • The average score is 6 of 10

Answer Stats

H/MCountry% Correct
10:03Colombia
82%
10:27Philippines
82%
09:06Thailand
82%
09:38Argentina
76%
10:19Brazil
76%
08:36Indonesia
65%
09:10Malaysia
65%
08:55Mexico
65%
08:36UAE
35%
10:46South Africa
18%

Score Distribution

Percentile by Number Answered

Percent of People with Each Score

Your Score History

You have not taken this quiz